Využitie účtovných informácií pri hodnotení výkonnosti podnikov

Vybrané problémy využitia účtovných informácií pri hodnotení výkonnosti podniku a možnosti ich riešenia. Možné problémy vo všetkých zložkách aktív a pasív podniku, problémy s informáciami vo výsledovke. Najdetailnejšie úpravy možno vykonať, ak hodnotenie výkonnosti vykonáva manažment podniku. Najmen...

Descrizione completa

Salvato in:
Dettagli Bibliografici
Autore principale: Varcholová, Tatiana
Altri autori: Kriško, Henrich
Natura: Capitolo di libro
Lingua:slovacco
Soggetti:
Tags: Aggiungi Tag
Nessun Tag, puoi essere il primo ad aggiungerne!!

MARC

LEADER 00000naa$a2200000$$$4500
001 0049383
005 20240502071554.1
041 0 |a slo 
044 |a SK 
245 1 0 |a Využitie účtovných informácií pri hodnotení výkonnosti podnikov  |c Tatiana Varcholová, Henrich Kriško 
520 |a Vybrané problémy využitia účtovných informácií pri hodnotení výkonnosti podniku a možnosti ich riešenia. Možné problémy vo všetkých zložkách aktív a pasív podniku, problémy s informáciami vo výsledovke. Najdetailnejšie úpravy možno vykonať, ak hodnotenie výkonnosti vykonáva manažment podniku. Najmenej možností vyhnúť sa skresleniam vyplývajúcim z použitia účtovných informácií majú subjekty, ktoré majú prístup iba ku zverejnenej účtovnej závierke. 
610 2 0 |a výkony podnikové 
610 2 0 |a výkonnosť 
610 2 0 |a hodnotenie pracoviska 
610 2 0 |a modely 
610 2 0 |a informácie 
610 2 0 |a účtovníctvo 
610 2 0 |a závierka účtovná 
100 1 |a Varcholová, Tatiana 
700 1 |a Kriško, Henrich